| 000 | 00864nas a22002297a 4500 | ||
|---|---|---|---|
| 999 |
_c121084 _d121084 |
||
| 001 | K121084 | ||
| 007 | ta | ||
| 008 | 190812b2019 ||||| |||| 00| 0 eng d | ||
| 041 | _aeng | ||
| 100 | _aLaw, Anthony | ||
| 245 | _aDrastic plastic measures | ||
| 260 | _c2019 | ||
| 490 |
_aRICS Property Journal _vJuly/August 2019, 28-29(2) |
||
| 520 | _aLooks at measures facility managers can take to reduce the use of single-use plastics. These include recycling, using only polyethylene terephthalate (PET) and other already recycled plastics. | ||
| 650 | _aSINGLE USE PLASTICS | ||
| 650 | _aRECYCLING | ||
| 650 | _aRESPONSIBLE BUSINESS | ||
| 651 | _aUnited Kingdom 1973 | ||
| 690 |
_96240 _aFacilities management |
||
| 690 |
_96271 _aSustainability |
||
| 856 |
_uhttps://issuu.com/ricsmodus/docs/property_journal_july-aug_2019/34 _yAvailable free online via Issuu |
||